Memoria acerca del estado del Colegio-Instituto de primera y segunda enseñanza de Santa María de Cée (fundado por D. Fernando Blanco de Lema) (Record no. 153187)

MARC details
000 -LEADER
campo de control de longitud fija 00916nam a22001815i 4500
001 - NÚMERO DE CONTROL
campo de control 153187
003 - IDENTIFICADOR DE NÚMERO DE CONTROL
campo de control ES-MaACL
005 - FECHA Y HORA DE LA ÚLTIMA TRANSACCIÓN
campo de control 20230906205050.0
008 - DATOS DE LONGITUD FIJA--INFORMACIÓN GENERAL
campo de control de longitud fija 001116s1895 sp d |||| | spa d
040 ## - FUENTE DE CATALOGACIÓN
Centro catalogador/agencia de origen EXT
Lengua de catalogación spa
Centro/agencia transcriptor EXT
110 2# - ENTRADA PRINCIPAL--NOMBRE DE ENTIDAD CORPORATIVA
Nombre de entidad corporativa o nombre de jurisdicción como elemento de entrada Colegio-Instituto de Santa María de Cée.
9 (RLIN) 134272
245 10 - MENCIÓN DEL TÍTULO
Título Memoria acerca del estado del Colegio-Instituto de primera y segunda enseñanza de Santa María de Cée (fundado por D. Fernando Blanco de Lema)
Resto del título : curso de 1894 a 1895 /
Mención de responsabilidad, etc. escrita y leída por Enrique Ortiz de Lanzagorta y Garrido.
260 ## - PUBLICACIÓN, DISTRIBUCIÓN, ETC.
Lugar de publicación, distribución, etc. Madrid :
Nombre del editor, distribuidor, etc. [s.n.],
Fecha de publicación, distribución, etc. 1895 (
Fabricante Imprenta de la viuda de Hernando y Ca.)
300 ## - DESCRIPCIÓN FÍSICA
Extensión 72 p., [1] h. de grab. ;
Dimensiones 23 cm.
599 #1 - NOTA A LAS ILUSTRACIONES
NOTA A LAS ILUSTRACIONES H. de grab. retrato de Fernando Blanco de Lema y Suarez Prieto.
700 21 - ENTRADA AGREGADA--NOMBRE PERSONAL
Nombre de persona Ortiz de Lanzagorta y Garrido, Enrique.
9 (RLIN) 130717
852 ## - LOCALIZACIÓN
Ubicación ES-MaACL
Número de control de estantería T-869-F-8
Nota libre -- Enc. hol. conservando la cub. original
-- -- Enc. en un vol. facticio
Holdings
Estatus retirado Estado de pérdida Estado de daño No para préstamo Colección Biblioteca de origen Biblioteca actual Ubicación en estantería Fecha de adquisición Total de préstamos Signatura topográfica completa Código de barras Visto por última vez Precio de reemplazo Tipo de ítem Koha
        Colección de folletos Biblioteca del Ateneo de Madrid Biblioteca del Ateneo de Madrid Depósito folletos 17/01/2008   T-869-F-8 1160061 23/02/2023 23/02/2023 Folleto